01097 2200337 4500001002100000005001500021035002000036007000300056008004100059020002200100040002200122082001500144084001700159090002200176100003200198245013900230250003600369300004000405650001900445700003400464700004100498700002600539850001200565504003200577264003200609336002100641337003000662338002300692999002200715990002200737INLIS00000000090097820251209084323 a0010-1225000058ta251209s2025 yoia g ind d a978-634-01-1435-5 aYOPDYOGbinderda04223a796.31 a796.31 HEN m aCB-D.11 2025-36980 aHendriyano MeggyePengarang10aMengenal dan menguasai teknik permainan bocce /cHendriano Meggy, Setyo Wahyu Wibowo, Kholifatul Novita Ningsih; penyunting, Aditya T. aCetakan pertama, September 2025 ax, 79 halaman :bilustrasi ;c23 cm 4aPermainan bola0 aSetyo Wahyu WibowoePengarang0 aKholifatul Novita NingsihePengarang0 aAditya T.ePenyunting aYOPDYOG aBibliografi : halaman 76-7931aSleman :bDeepublish,c2025 2rdacontentateks 2rdamediaatanpa perantara 2rdacarrieravolume aCB-D.11/2025-3698 aCB-D.11/2025-3698